000 01168nam2a22002411 4500
001 rc\142863
005 20250612181551.0
010 _a5-900448-06-1
_910000
035 _a(NLR Aleph) 008775144
090 _a7948147
_c7948147
100 _a20030307d1994 |||y0rusy50 ca
101 0 _arus
102 _aRU
105 _aa |||||||||
200 1 _aИванов - Конашков
210 _d1994
_aБ. м.
215 _a702 с.
_cил.
_d30
461 0 _1001rc\142858
_12001#$aКнига Памяти погибших и пропавших без вести в Великой Отечественной войне 1941-1945 годов$fПравительство Москвы$g[Редкол.: Ю.М. Лужков (пред.) и др.]$vТ. 6
_97959559
_cМ.
_d1993-
_fПравительство Москвы
_nЦентр по изд. Книги Памяти Москвы
_tКнига Памяти погибших и пропавших без вести в Великой Отечественной войне 1941-1945 годов
_y5-900448-01-0
_vТ. 6
801 0 _aRU
_bNLR
_gpsbo
801 1 _aRU
_bELAR
_2rusmarc
852 _aNLR
_bС
_jК-4/547
942 _cBOOK
980 _aNB